00573nam a22001817a 4500020001800000082002400018100001400042100002500056245006300081260004500144300001000189650002700199650001600226650000900242942000700251999001900258952011400277 a9789393969910 aM 703.954 83bAKS/K aAkshara V aJobin Jos Chamakkala aKeralakalanighandu/cby Akshara V and Jobin Jos Chamakkala aKozhikode:bPavanatma Publishers,c2023. a216p. aDictionary Arts Kerala aArts Kerala aArts cBK c181943d181943 00104070aSSUSbSSUScREFd2026-06-02g550.00l0oR M 703.954 83 AKS/Kp109107r2026-06-02w2026-06-02yREF